Najczęściej łapani na spalonym zawodnicy w Premier League - Statystyki

Ogólne statystyki
  • Ten quiz został rozwiązany 47 razy
  • Średni wynik to 7 z 15
Statystyki odpowiedzi
Liczba spalonych Narodowość Zawodnik % Poprawnych
171 Wybrzeże Kości Słoniowej Didier Drogba
91%
238 Bułgaria Dimitar Berbatov
80%
192 Belgia Romelu Lukaku
76%
194 Argentyna Sergio Agüero
74%
198 Holandia Robin van Persie
70%
179 Anglia Wayne Rooney
67%
328 Togo Emmanuel Adebayor
65%
217 Anglia Jamie Vardy
33%
189 Irlandia Shane Long
30%
276 Anglia Darren Bent
28%
185 Francja Nicolas Anelka
24%
212 Belgia Christian Benteke
20%
314 Anglia Jermain Defoe
17%
195 Anglia Gabriel Agbonlahor
4%
183 Anglia Bobby Zamora
0%
Nie znaleziono quizów pasujących do podanych kryteriów
Rozkład punktacji
Procent ludzi z każdym wynikiem
Percentyl według liczby udzielonych odpowiedzi
Twoja historia wyników
Nie rozwiązałeś tego quizu